[Event "La Pobla de Lillet op 33rd"]
[Site "La Pobla de Lillet"]
[Date "2024.08.07"]
[Round "6"]
[White "Prats Rodriguez, Juan Bosco"]
[Black "Barbany Vellve, Ricard"]
[Result "1/2-1/2"]
[WhiteElo "1971"]
[BlackElo "1902"]
[PlyCount "96"]
[EventDate "2024.08.02"]
[EventType "swiss"]
[EventRounds "9"]
[EventCountry "ESP"]
[SourceTitle "CBM 221 Extra"]
[Source "ChessBase"]
[SourceDate "2024.09.30"]
[SourceVersion "1"]
[SourceVersionDate "2024.09.30"]
[SourceQuality "1"]

1. e4 c5 2. Nc3 Nc6 3. g3 g6 4. Bg2 Bg7 5. d3 d6 6. Be3 h5 7. h3 e5 8. f4 Nd4 9. Nf3 Ne7 10. 0-0 Be6 11. Ng5 Qd7 12. Qd2 0-0-0 13. Nd1 Kb8 14. c3 Ndc6 15. b3 Bh6 16. Nxe6 fxe6 17. fxe5 Bxe3+ 18. Qxe3 Nxe5 19. d4 cxd4 20. cxd4 N5c6 21. Nc3 e5 22. dxe5 dxe5 23. Nd5 Rhf8 24. Rf2 Rxf2 25. Qxf2 Nd4 26. Qf6 Nxd5 27. exd5 Qd6 28. Qxd6+ Rxd6 29. Re1 Nf5 30. Kh2 Rd7 31. Rxe5 Re7 32. Rxe7 Nxe7 33. g4 hxg4 34. hxg4 Kc7 35. d6+ Kxd6 36. Bxb7 Kc5 37. Kg3 g5 38. Kf3 Kd4 39. Be4 Kc3 40. Bf5 Kb2 41. Be6 Kxa2 42. Ke4 Ka3 43. Ke5 Nc6+ 44. Kf6 Nd4 45. Bd5 Nc2 46. Kxg5 Ne3 47. Be6 Nxg4 48. Kxg4 a5 1/2-1/2

[Event "La Pobla de Lillet op 33rd"]
[Site "La Pobla de Lillet"]
[Date "2024.08.02"]
[Round "1"]
[White "Capellades Subirana, Marc"]
[Black "Prats Rodriguez, Juan Bosco"]
[Result "1/2-1/2"]
[WhiteElo "2164"]
[BlackElo "1971"]
[PlyCount "66"]
[EventDate "2024.08.02"]
[EventType "swiss"]
[EventRounds "9"]
[EventCountry "ESP"]
[SourceTitle "CBM 221 Extra"]
[Source "ChessBase"]
[SourceDate "2024.09.30"]
[SourceVersion "1"]
[SourceVersionDate "2024.09.30"]
[SourceQuality "1"]

1. e4 c5 2. Nf3 a6 3. c4 Nc6 4. d4 cxd4 5. Nxd4 Nf6 6. Nc3 e5 7. Nf5 d5 8. cxd5 Nxe4 9. Nxg7+ Bxg7 10. Nxe4 Nd4 11. Bd3 0-0 12. 0-0 f5 13. Nc3 f4 14. Qh5 Bf5 15. Rd1 Rf6 16. Bxf5 Rxf5 17. Qh3 Qg5 18. Qd3 Qg6 19. f3 Qb6 20. Kf1 Rh5 21. h3 Qh6 22. Ne2 Rxh3 23. Bxf4 exf4 24. Nxd4 Rg3 25. Kg1 Qb6 26. Rd2 Re8 27. Rf1 Qc5 28. Qc3 Qb6 29. Qc4 Kh8 30. Rff2 Re1+ 31. Rf1 Re8 32. Rff2 Re1+ 33. Rf1 Re8 1/2-1/2

[Event "Torredembarra op 24th"]
[Site "Torredembarra"]
[Date "2024.06.30"]
[Round "2"]
[White "Prats Rodriguez, Juan Bosco"]
[Black "Torrecillas Martinez, Antonio"]
[Result "1/2-1/2"]
[WhiteElo "1961"]
[BlackElo "2287"]
[PlyCount "71"]
[EventDate "2024.06.29"]
[EventType "swiss"]
[EventRounds "9"]
[EventCountry "ESP"]
[SourceTitle "CBM 221 Extra"]
[Source "ChessBase"]
[SourceDate "2024.09.30"]
[SourceVersion "1"]
[SourceVersionDate "2024.09.30"]
[SourceQuality "1"]

1. e4 e6 2. d4 d5 3. exd5 exd5 4. Nf3 Bd6 5. c4 dxc4 6. Bxc4 Nf6 7. 0-0 0-0 8. Nc3 Nc6 9. h3 Bf5 10. Bg5 h6 11. Bh4 g5 12. Bg3 Ne4 13. Bxd6 Nxd6 14. Bd3 Re8 15. Bxf5 Nxf5 16. d5 Ne5 17. Nxe5 Rxe5 18. Re1 Qe7 19. Qd2 Re8 20. Rxe5 Qxe5 21. Rd1 a6 22. a4 Nd6 23. Qd3 Qf4 24. b3 Ne4 25. Nxe4 Rxe4 26. Kf1 Qe5 27. g3 Kg7 28. Kg2 Re2 29. d6 cxd6 30. Qxd6 Qe4+ 31. Kg1 Rb2 32. Qb6 Kh7 33. Qf6 Rb1 34. Qxf7+ Kh8 35. Qf8+ Kh7 36. Qf7+ 1/2-1/2

[Event "Foment Martinenc op-A 24th"]
[Site "Barcelona"]
[Date "2024.05.11"]
[Round "4"]
[White "Prats Rodriguez, Juan Bosco"]
[Black "Villa Peiro, Roger"]
[Result "1-0"]
[WhiteElo "1930"]
[BlackElo "1810"]
[PlyCount "81"]
[EventDate "2024.04.20"]
[EventType "swiss"]
[EventRounds "9"]
[EventCountry "ESP"]
[SourceTitle "CBM 220 Extra"]
[Source "ChessBase"]
[SourceDate "2024.07.31"]
[SourceVersion "1"]
[SourceVersionDate "2024.07.31"]
[SourceQuality "1"]

1. e4 c6 2. d4 d5 3. e5 c5 4. dxc5 e6 5. a3 Bxc5 6. Nf3 Nd7 7. b4 Be7 8. Bd3 a5 9. b5 f6 10. Bb2 Nh6 11. 0-0 Nf7 12. exf6 Bxf6 13. Bxf6 Qxf6 14. Nbd2 0-0 15. c4 Nc5 16. cxd5 Nxd3 17. Ne4 Qf5 18. Qxd3 exd5 19. Nc5 b6 20. Qxf5 Bxf5 21. Na4 Rfd8 22. Nd4 Bg6 23. Nxb6 Rab8 24. Na4 Bd3 25. Rfd1 Bxb5 26. Nc3 Be8 27. Ne6 Rd6 28. Nc7 d4 29. Nxe8 Rxe8 30. Nb5 Rd5 31. Nc7 Red8 32. Nxd5 Rxd5 33. f4 Nd6 34. Rd3 a4 35. Rb1 Nb5 36. Kf2 Rc5 37. Rb4 Kf7 38. Rxa4 Ke6 39. Kf3 Kd5 40. Rb4 Kc6 41. a4 1-0

[Event "Lorca op 12th"]
[Site "Lorca"]
[Date "2023.12.26"]
[Round "1"]
[White "Grigoryan, Karen H"]
[Black "Prats Rodriguez, Juan Bosco"]
[Result "1-0"]
[WhiteElo "2638"]
[BlackElo "1947"]
[PlyCount "59"]
[EventDate "2023.12.26"]
[EventType "swiss"]
[EventRounds "9"]
[EventCountry "ESP"]
[SourceTitle "CBM 217 Extra"]
[Source "ChessBase"]
[SourceDate "2024.01.31"]
[SourceVersion "1"]
[SourceVersionDate "2024.01.31"]
[SourceQuality "1"]

1. e4 d6 2. d4 Nf6 3. Nc3 g6 4. f4 Bg7 5. Nf3 0-0 6. Bd3 Nc6 7. e5 dxe5 8. dxe5 Nd5 9. Nxd5 Qxd5 10. Qe2 Be6 11. 0-0 f6 12. Rd1 fxe5 13. Bxg6 Nd4 14. Nxd4 exd4 15. Be4 Qd7 16. Bxb7 Rab8 17. Bf3 c5 18. b3 Bd5 19. Bxd5+ Qxd5 20. c4 Qc6 21. Qd3 Rbe8 22. Bd2 e5 23. fxe5 Bxe5 24. Rf1 Qd6 25. g3 Qg6 26. Rxf8+ Rxf8 27. Qxg6+ hxg6 28. Rf1 Bf6 29. Bh6 Rf7 30. h4 1-0

[Event "Barcelona Sant Marti op 10th"]
[Site "Barcelona"]
[Date "2023.02.23"]
[Round "7"]
[White "Prats Rodriguez, Juan Bosco"]
[Black "Clanchet Olle, Josep"]
[Result "1/2-1/2"]
[WhiteElo "1912"]
[BlackElo "1690"]
[PlyCount "107"]
[EventDate "2023.01.12"]
[EventType "swiss"]
[EventRounds "9"]
[EventCountry "ESP"]
[SourceTitle "CBM 213 Extra"]
[Source "ChessBase"]
[SourceDate "2023.05.31"]
[SourceVersion "1"]
[SourceVersionDate "2023.05.31"]
[SourceQuality "1"]

1. e4 e5 2. f4 d5 3. exd5 e4 4. d3 Qxd5 5. Nc3 Bb4 6. Bd2 Bxc3 7. Bxc3 Nf6 8. Bxf6 gxf6 9. dxe4 Qxe4+ 10. Qe2 Bf5 11. 0-0-0 Nc6 12. Qf2 0-0 13. Bd3 Qd5 14. Bxf5 Qxf5 15. Ne2 Nb4 16. Nc3 Rad8 17. g4 Qa5 18. a3 Nd5 19. Ne4 Qb6 20. Qxb6 Nxb6 21. Nxf6+ Kg7 22. g5 Nc4 23. Rhe1 Rxd1+ 24. Rxd1 Nd6 25. Rd5 b6 26. b3 a5 27. a4 Rd8 28. f5 h6 29. h4 hxg5 30. hxg5 Rh8 31. Kb2 Rh1 32. Ng4 Rg1 33. f6+ Kg6 34. Ne5+ Kh7 35. Nd7 Rg2 36. Nxb6 Ne4 37. Nc4 Nxg5 38. Rxa5 Ne4 39. Ra7 Nxf6 40. Rxc7 Kg8 41. Nd6 Nd5 42. Rc5 Nb4 43. Rc8+ Kg7 44. Rc7 Rf2 45. Rc4 Nd3+ 46. Ka3 Ne1 47. Kb2 Nd3+ 48. Kc3 Ne1 49. Kd4 Nxc2+ 50. Kc5 f5 51. a5 Ne3 52. Ra4 Rc2+ 53. Kd4 f4 54. Ke4 1/2-1/2

[Event "Barcelona Sant Marti op 10th"]
[Site "Barcelona"]
[Date "2023.02.09"]
[Round "5"]
[White "Prats Rodriguez, Juan Bosco"]
[Black "Sole Pijuan, Ferran"]
[Result "0-1"]
[WhiteElo "1912"]
[BlackElo "2157"]
[PlyCount "88"]
[EventDate "2023.01.12"]
[EventType "swiss"]
[EventRounds "9"]
[EventCountry "ESP"]
[SourceTitle "CBM 213 Extra"]
[Source "ChessBase"]
[SourceDate "2023.05.31"]
[SourceVersion "1"]
[SourceVersionDate "2023.05.31"]
[SourceQuality "1"]

1. e4 e5 2. f4 exf4 3. Nf3 Ne7 4. Qe2 Ng6 5. d4 Be7 6. Nc3 c6 7. Bd2 0-0 8. Qf2 d5 9. Bd3 Bg4 10. 0-0 dxe4 11. Bxe4 Bxf3 12. Bxf3 Bh4 13. g3 Bf6 14. Ne2 fxg3 15. hxg3 Nd7 16. c3 Nb6 17. Rae1 Bg5 18. Nc1 Nc4 19. Bxg5 Qxg5 20. Nb3 Nf4 21. Qh2 Rae8 22. Be4 Nh5 23. Nc5 Nd6 24. Bc2 Qxg3+ 25. Qxg3 Nxg3 26. Nd7 Nxf1 27. Rxf1 Rd8 28. Nxf8 Rxf8 29. Bb3 g6 30. c4 Kg7 31. c5 Ne4 32. Rf4 Nf6 33. Kf2 Re8 34. Bc4 Nd5 35. Bxd5 cxd5 36. b4 f5 37. b5 Kf6 38. Rf3 h5 39. Ra3 Ra8 40. c6 bxc6 41. b6 a5 42. b7 Rb8 43. Rb3 f4 44. a4 Kf5 0-1

[Event "Barcelona Sant Marti op 10th"]
[Site "Barcelona"]
[Date "2023.02.02"]
[Round "4"]
[White "Permanyer Ugartemendia, Inaki"]
[Black "Prats Rodriguez, Juan Bosco"]
[Result "0-1"]
[WhiteElo "1729"]
[BlackElo "1912"]
[PlyCount "70"]
[EventDate "2023.01.12"]
[EventType "swiss"]
[EventRounds "9"]
[EventCountry "ESP"]
[SourceTitle "CBM 213 Extra"]
[Source "ChessBase"]
[SourceDate "2023.05.31"]
[SourceVersion "1"]
[SourceVersionDate "2023.05.31"]
[SourceQuality "1"]

1. d4 Nf6 2. c4 g6 3. Nc3 Bg7 4. e4 d6 5. Nf3 0-0 6. Be2 e5 7. d5 a5 8. 0-0 Na6 9. Qc2 Kh8 10. Ne1 Nc5 11. b3 Ng8 12. Be3 b6 13. Nd3 f5 14. f3 Bh6 15. Bf2 Nf6 16. Nxc5 bxc5 17. a3 Bd7 18. Rab1 Rb8 19. Nb5 fxe4 20. fxe4 Bg4 21. b4 axb4 22. axb4 cxb4 23. Rxb4 Qd7 24. Rfb1 Bxe2 25. Qxe2 Ng4 26. Ba7 Ra8 27. h3 Rxa7 28. hxg4 Raa8 29. c5 dxc5 30. Rc4 Qe7 31. g3 Rf7 32. Rb2 Ra1+ 33. Kg2 Qf8 34. Rbc2 Bg5 35. Rxc5 Qh6 0-1

[Event "Cornella de Llobregat op 8th"]
[Site "Cornella de Llobregat"]
[Date "2022.11.21"]
[Round "8"]
[White "Sviridenko, Yaroslav"]
[Black "Prats Rodriguez, Juan Bosco"]
[Result "0-1"]
[WhiteElo "1625"]
[BlackElo "1869"]
[PlyCount "59"]
[EventDate "2022.09.26"]
[EventType "swiss"]
[EventRounds "9"]
[EventCountry "ESP"]
[SourceTitle "EXT 2024"]
[Source "ChessBase"]
[SourceDate "2023.10.10"]
[SourceVersion "1"]
[SourceVersionDate "2023.10.10"]
[SourceQuality "1"]

1. e4 c5 2. Nf3 a6 3. c4 Nc6 4. d4 cxd4 5. Nxd4 Nf6 6. Nc3 e5 7. Nf5 d5 8. cxd5 Nxe4 9. Nxg7+ Bxg7 10. Nxe4 Nd4 11. Nc3 0-0 12. Bd3 f5 13. 0-0 f4 14. g3 f3 15. Re1 Bf5 16. Be3 Qd7 17. Rc1 Rac8 18. Bxd4 exd4 19. Ne4 Rxc1 20. Qxc1 Kh8 21. d6 Bg6 22. Nc5 Qxd6 23. Re6 Qc7 24. Bxg6 hxg6 25. Qg5 Rf5 26. Re8+ Kh7 27. Ne6 Rxg5 28. Nxg5+ Kh6 29. h4 Bf6 30. Nxf3 0-1

[Event "Cornella de Llobregat op 8th"]
[Site "Cornella de Llobregat"]
[Date "2022.11.07"]
[Round "6"]
[White "Munoz Pantoja, Miguel Angel"]
[Black "Prats Rodriguez, Juan Bosco"]
[Result "1-0"]
[WhiteElo "2366"]
[BlackElo "1869"]
[PlyCount "41"]
[EventDate "2022.09.26"]
[EventType "swiss"]
[EventRounds "9"]
[EventCountry "ESP"]
[SourceTitle "EXT 2024"]
[Source "ChessBase"]
[SourceDate "2023.10.10"]
[SourceVersion "1"]
[SourceVersionDate "2023.10.10"]
[SourceQuality "1"]

1. e4 c5 2. c3 d5 3. exd5 Qxd5 4. d4 Nf6 5. Nf3 e6 6. Na3 a6 7. Nc4 Nbd7 8. Bf4 b5 9. Ne3 Qc6 10. a4 Bb7 11. axb5 axb5 12. Rxa8+ Bxa8 13. Be2 c4 14. Ne5 Nxe5 15. Bxe5 Nd5 16. Bf3 Qc8 17. 0-0 f6 18. Bg3 Be7 19. Nxd5 Bxd5 20. Bxd5 exd5 21. Qh5+ 1-0

[Event "ESP-ch Seniora 50"]
[Site "Altea"]
[Date "2022.11.01"]
[Round "4"]
[White "Prats Rodriguez, Juan Bosco"]
[Black "Perez Pastora, Evaristo"]
[Result "0-1"]
[WhiteElo "1908"]
[BlackElo "2094"]
[PlyCount "100"]
[EventDate "2022.10.29"]
[EventType "swiss"]
[EventRounds "9"]
[EventCountry "ESP"]
[SourceTitle "EXT 2024"]
[Source "ChessBase"]
[SourceDate "2023.10.10"]
[SourceVersion "1"]
[SourceVersionDate "2023.10.10"]
[SourceQuality "1"]
[WhiteTeam "Spain"]
[BlackTeam "Spain"]
[WhiteTeamCountry "ESP"]
[BlackTeamCountry "ESP"]

1. e4 c5 2. Nf3 d6 3. d4 cxd4 4. Nxd4 Nf6 5. Nc3 a6 6. h3 e5 7. Nde2 h5 8. Bg5 Be6 9. Bxf6 Qxf6 10. Nd5 Qd8 11. Nec3 Nd7 12. Bc4 Rc8 13. Bb3 g6 14. 0-0 Bg7 15. a4 0-0 16. Ba2 Nc5 17. b4 Bxd5 18. Bxd5 Ne6 19. Ne2 Qc7 20. c4 a5 21. b5 Kh7 22. Bxe6 fxe6 23. Rc1 Rf7 24. Qd3 Qc5 25. Rc2 d5 26. Ng3 dxc4 27. Qe2 c3 28. Rd1 Qb4 29. Rd3 Qxa4 30. Rd6 Qb3 31. Qd3 a4 32. Ne2 Bf8 33. Nc1 Qc4 34. Rd7 Rxd7 35. Qxd7+ Kh6 36. Qxb7 Ba3 37. Nd3 Rc7 38. Nxe5 Qc5 39. Qb8 Qxe5 40. b6 Rc5 41. Qf8+ Kh7 42. b7 Rb5 43. Qxa3 Rxb7 44. Rxc3 Qxe4 45. Re3 Rb1+ 46. Kh2 Qf4+ 47. Rg3 h4 48. Qe7+ Kh6 49. Qe8 hxg3+ 50. fxg3 Qd4 0-1

[Event "Cornella de Llobregat op 8th"]
[Site "Cornella de Llobregat"]
[Date "2022.10.17"]
[Round "4"]
[White "Salazar Navas, Josep"]
[Black "Prats Rodriguez, Juan Bosco"]
[Result "0-1"]
[WhiteElo "1566"]
[BlackElo "1869"]
[PlyCount "54"]
[EventDate "2022.09.26"]
[EventType "swiss"]
[EventRounds "9"]
[EventCountry "ESP"]
[SourceTitle "EXT 2024"]
[Source "ChessBase"]
[SourceDate "2023.10.10"]
[SourceVersion "1"]
[SourceVersionDate "2023.10.10"]
[SourceQuality "1"]

1. e4 c5 2. Nc3 a6 3. g3 b5 4. Bg2 Bb7 5. Nh3 e6 6. 0-0 b4 7. Na4 Nf6 8. d3 d5 9. e5 Nfd7 10. a3 Nxe5 11. axb4 cxb4 12. c4 bxc3 13. bxc3 Qc7 14. Re1 Ned7 15. Bf4 Bd6 16. Qg4 Kf8 17. d4 Nf6 18. Qh4 Nbd7 19. Rab1 Bc6 20. Nc5 Nxc5 21. dxc5 Bxf4 22. Nxf4 e5 23. Nd3 e4 24. Nf4 h6 25. Rb6 g5 26. Ng6+ fxg6 27. Qh3 g4 0-1

[Event "Sitges op 46th"]
[Site "Sitges"]
[Date "2022.07.28"]
[Round "7"]
[White "Comellas Blanchart, Jordi"]
[Black "Prats Rodriguez, Juan Bosco"]
[Result "1-0"]
[WhiteElo "1945"]
[BlackElo "1842"]
[PlyCount "115"]
[EventDate "2022.07.22"]
[EventType "swiss"]
[EventRounds "9"]
[EventCountry "ESP"]
[SourceTitle "CBM 209 Extra"]
[Source "ChessBase"]
[SourceDate "2022.09.30"]
[SourceVersion "1"]
[SourceVersionDate "2022.09.30"]
[SourceQuality "1"]

1. d4 Nf6 2. c4 g6 3. Nc3 Bg7 4. e4 d6 5. Nf3 0-0 6. Be2 e5 7. Be3 Ng4 8. Bg5 f6 9. Bc1 exd4 10. Nxd4 f5 11. 0-0 Nxh2 12. Kxh2 Qh4+ 13. Kg1 fxe4 14. g3 Qe7 15. Nd5 Qd8 16. Nf4 Qf6 17. Be3 c6 18. Qd2 Na6 19. Rad1 Nc7 20. b3 h5 21. Nc2 Rd8 22. Bd4 Qg5 23. Bxg7 Kxg7 24. Nxh5+ Kh6 25. Qxg5+ Kxg5 26. Nf4 Bf5 27. Kg2 d5 28. cxd5 Nxd5 29. Nxd5 cxd5 30. g4 Be6 31. Kg3 Rac8 32. Rd2 Rc3+ 33. Kg2 a5 34. Rfd1 a4 35. b4 a3 36. Nd4 Bxg4 37. Nb5 Bf3+ 38. Bxf3 Rxf3 39. Rxd5+ Rxd5 40. Rxd5+ Kg4 41. Rc5 Rd3 42. Rc3 Rd2 43. Rxa3 Rb2 44. Rb3 Rxa2 45. Nd6 Ra7 46. Re3 b6 47. Rxe4+ Kg5 48. Nc8 Rb7 49. f4+ Kf6 50. Re5 Rb8 51. Nd6 Rd8 52. Ne4+ Kg7 53. Kf3 Rd3+ 54. Kg4 Rd1 55. Re7+ Kf8 56. Re6 Rg1+ 57. Ng3 b5 58. Re5 1-0

[Event "Sitges op 46th"]
[Site "Sitges"]
[Date "2022.07.25"]
[Round "4"]
[White "Krishnan, Ritvik"]
[Black "Prats Rodriguez, Juan Bosco"]
[Result "1-0"]
[WhiteElo "2085"]
[BlackElo "1842"]
[PlyCount "49"]
[EventDate "2022.07.22"]
[EventType "swiss"]
[EventRounds "9"]
[EventCountry "ESP"]
[SourceTitle "CBM 209 Extra"]
[Source "ChessBase"]
[SourceDate "2022.09.30"]
[SourceVersion "1"]
[SourceVersionDate "2022.09.30"]
[SourceQuality "1"]

1. e4 d6 2. d4 Nf6 3. Nc3 g6 4. Be3 a6 5. h3 Bg7 6. f4 0-0 7. Nf3 e6 8. Bd3 Nc6 9. Qd2 Ne7 10. e5 Nfd5 11. Nxd5 exd5 12. g4 f6 13. exf6 Bxf6 14. 0-0-0 b6 15. Rdg1 c5 16. h4 c4 17. Bf1 b5 18. h5 gxh5 19. Rxh5 Qe8 20. Rgh1 Kf7 21. f5 Ra7 22. Bf4 Nc6 23. g5 Qe4 24. gxf6 Qxf3 25. Bg2 1-0

[Event "Barcelona Sant Marti op-A 22nd"]
[Site "Barcelona"]
[Date "2022.07.16"]
[Round "4"]
[White "Campillo Lopez, Ricardo Bienaventu"]
[Black "Prats Rodriguez, Juan Bosco"]
[Result "0-1"]
[WhiteElo "1614"]
[BlackElo "1842"]
[PlyCount "62"]
[EventDate "2022.07.13"]
[EventType "swiss"]
[EventRounds "9"]
[EventCountry "ESP"]
[SourceTitle "CBM 209 Extra"]
[Source "ChessBase"]
[SourceDate "2022.09.30"]
[SourceVersion "1"]
[SourceVersionDate "2022.09.30"]
[SourceQuality "1"]

1. e4 c5 2. d4 cxd4 3. c3 dxc3 4. Nxc3 Nc6 5. Nf3 d6 6. Bc4 e6 7. 0-0 Be7 8. Qe2 a6 9. Rd1 Bd7 10. Bf4 e5 11. Be3 Nf6 12. Nd5 Nxd5 13. Bxd5 0-0 14. a4 a5 15. Rd2 Rb8 16. Bxc6 bxc6 17. Nxe5 dxe5 18. Rad1 Rb7 19. Qa6 Qc8 20. Qxb7 Qxb7 21. Rxd7 Qb4 22. Bd2 Qxa4 23. Bxa5 Qxa5 24. Rxe7 Rd8 25. Rf1 Kf8 26. Rb7 Qa6 27. Rb3 Qe2 28. f4 Rd1 29. Rbf3 Rxf1+ 30. Rxf1 Qe3+ 31. Rf2 exf4 0-1

[Event "Barcelona Sant Marti op-A 22nd"]
[Site "Barcelona"]
[Date "2022.07.14"]
[Round "2"]
[White "Prats Rodriguez, Juan Bosco"]
[Black "Deodhar, Vrushali Umesh"]
[Result "0-1"]
[WhiteElo "1842"]
[BlackElo "1984"]
[PlyCount "46"]
[EventDate "2022.07.13"]
[EventType "swiss"]
[EventRounds "9"]
[EventCountry "ESP"]
[SourceTitle "CBM 209 Extra"]
[Source "ChessBase"]
[SourceDate "2022.09.30"]
[SourceVersion "1"]
[SourceVersionDate "2022.09.30"]
[SourceQuality "1"]

1. e4 c5 2. Nf3 Nc6 3. d4 cxd4 4. Nxd4 Qb6 5. Nb3 Nf6 6. Nc3 e6 7. Qe2 Bb4 8. Bd2 0-0 9. a3 Be7 10. 0-0-0 d5 11. e5 Nd7 12. f4 a5 13. Be3 Qd8 14. Na4 b6 15. Qf2 f6 16. Nxb6 Rb8 17. Nxd7 Bxd7 18. exf6 Bxf6 19. Bc5 Rf7 20. Nd4 a4 21. c3 Na5 22. g3 e5 23. fxe5 Bg5+ 0-1

[Event "Foment Martinenc op-A 22nd"]
[Site "Barcelona"]
[Date "2022.06.18"]
[Round "9"]
[White "Prats Rodriguez, Juan Bosco"]
[Black "De Lomas Busquets, Alba"]
[Result "1-0"]
[WhiteElo "1910"]
[BlackElo "1837"]
[PlyCount "59"]
[EventDate "2022.04.23"]
[EventType "swiss"]
[EventRounds "9"]
[EventCountry "ESP"]
[SourceTitle "EXT 2023"]
[Source "ChessBase"]
[SourceDate "2022.10.05"]
[SourceVersion "1"]
[SourceVersionDate "2022.10.05"]
[SourceQuality "1"]

1. e4 c5 2. Nf3 d6 3. d4 cxd4 4. Nxd4 Nf6 5. Nc3 a6 6. h3 g6 7. g4 Bg7 8. Be3 Nbd7 9. g5 Ng8 10. Bg2 Ne5 11. Qe2 e6 12. f4 Nc6 13. 0-0-0 Nxd4 14. Bxd4 Bxd4 15. Rxd4 e5 16. Rd2 exf4 17. e5 Be6 18. h4 Ne7 19. exd6 Nf5 20. d7+ Kf8 21. Qe5 Kg8 22. Ne4 Ng3 23. Nf6+ Kf8 24. Re1 Rb8 25. Nd5 Rg8 26. Nxf4 Nf5 27. Qc5+ Qe7 28. d8Q+ Rxd8 29. Rxd8+ Kg7 30. Qe5+ 1-0

[Event "Foment Martinenc op-A 22nd"]
[Site "Barcelona"]
[Date "2022.04.30"]
[Round "2"]
[White "Perez Pastora, Evaristo"]
[Black "Prats Rodriguez, Juan Bosco"]
[Result "1/2-1/2"]
[WhiteElo "2071"]
[BlackElo "1910"]
[PlyCount "59"]
[EventDate "2022.04.23"]
[EventType "swiss"]
[EventRounds "9"]
[EventCountry "ESP"]
[SourceTitle "EXT 2023"]
[Source "ChessBase"]
[SourceDate "2022.10.05"]
[SourceVersion "1"]
[SourceVersionDate "2022.10.05"]
[SourceQuality "1"]

1. e4 d6 2. d4 Nf6 3. Nc3 g6 4. Bg5 c6 5. h4 Nbd7 6. Be2 h6 7. Be3 Qa5 8. Qd2 b5 9. f3 Bb7 10. a3 a6 11. Nh3 Bg7 12. Nf2 c5 13. g4 Qc7 14. Nd3 Nxg4 15. fxg4 cxd4 16. Bxd4 Bxd4 17. Bf3 Ne5 18. Nxe5 Bxe5 19. 0-0-0 e6 20. Ne2 0-0-0 21. Qe3 Kb8 22. Kb1 Rc8 23. c3 Qc4 24. Nd4 Ka8 25. Rd2 Qc7 26. Rhd1 Bg3 27. Ne2 Bxh4 28. Rxd6 Bg5 29. Qd3 e5 30. Rd7 1/2-1/2

[Event "Barcelona Tres Peons"]
[Site "Barcelona"]
[Date "2021.11.01"]
[Round "7"]
[White "Perez Pastora, Evaristo"]
[Black "Prats Rodriguez, Juan Bosco"]
[Result "0-1"]
[WhiteElo "2104"]
[BlackElo "2040"]
[PlyCount "66"]
[EventDate "2021.09.20"]
[EventType "tourn"]
[EventRounds "9"]
[EventCountry "ESP"]
[SourceTitle "EXT 2023"]
[Source "ChessBase"]
[SourceDate "2022.10.05"]
[SourceVersion "1"]
[SourceVersionDate "2022.10.05"]
[SourceQuality "1"]

1. e4 c5 2. d4 cxd4 3. Nf3 a6 4. Nxd4 Nf6 5. Bd3 e5 6. Nf3 Nc6 7. 0-0 Bc5 8. Nc3 h6 9. Nd5 d6 10. h3 Be6 11. c4 0-0 12. a3 Bxd5 13. exd5 Nd4 14. Nd2 b5 15. b3 Rb8 16. Bb2 bxc4 17. Bxc4 a5 18. Nf3 Nxf3+ 19. Qxf3 Nh7 20. Bc3 Bb6 21. b4 f5 22. Rab1 Ng5 23. Qd1 Ne4 24. Be1 axb4 25. axb4 Ng3 26. Rb3 Qh4 27. Be2 g5 28. Qd3 Nxf1 29. Kxf1 Qf4 30. g3 Qd4 31. Qf3 Qe4 32. Qxe4 fxe4 33. Kg2 Ra8 0-1

[Event "La Pobla de Lillet op-A 30th"]
[Site "La Pobla de Lillet"]
[Date "2021.08.04"]
[Round "3"]
[White "Romero Pallares, Daniel"]
[Black "Prats Rodriguez, Juan Bosco"]
[Result "1-0"]
[WhiteElo "2222"]
[BlackElo "2026"]
[PlyCount "57"]
[EventDate "2021.08.02"]
[EventType "swiss"]
[EventRounds "9"]
[EventCountry "ESP"]
[SourceTitle "EXT 2022"]
[Source "ChessBase"]
[SourceDate "2021.10.06"]
[SourceVersion "1"]
[SourceVersionDate "2021.10.06"]
[SourceQuality "1"]

1. e4 d6 2. d4 Nf6 3. Nc3 g6 4. f4 Bg7 5. Nf3 0-0 6. e5 dxe5 7. dxe5 Qxd1+ 8. Kxd1 Nh5 9. Be3 c6 10. Ke1 Bg4 11. Kf2 Bxf3 12. Kxf3 g5 13. g3 gxf4 14. gxf4 Bh6 15. Ne4 Nd7 16. Ng3 Ng7 17. a4 Kh8 18. a5 f6 19. e6 Nxe6 20. Nf5 Bg7 21. Rg1 Rf7 22. Bc4 Ndf8 23. h4 Rd8 24. c3 b5 25. axb6 axb6 26. Nxg7 Rxg7 27. f5 b5 28. Bxe6 Nxe6 29. fxe6 1-0

[Event "La Pobla de Lillet op-A 30th"]
[Site "La Pobla de Lillet"]
[Date "2021.08.03"]
[Round "2"]
[White "Prats Rodriguez, Juan Bosco"]
[Black "Picanol Alemany, Antonio"]
[Result "1-0"]
[WhiteElo "2026"]
[BlackElo "2216"]
[PlyCount "51"]
[EventDate "2021.08.02"]
[EventType "swiss"]
[EventRounds "9"]
[EventCountry "ESP"]
[SourceTitle "EXT 2022"]
[Source "ChessBase"]
[SourceDate "2021.10.06"]
[SourceVersion "1"]
[SourceVersionDate "2021.10.06"]
[SourceQuality "1"]

1. e4 c5 2. Nf3 d6 3. d4 cxd4 4. Nxd4 Nf6 5. Nc3 a6 6. h3 b5 7. g4 Bb7 8. Bg2 e6 9. 0-0 b4 10. Nd5 Nxd5 11. exd5 e5 12. Nc6 Bxc6 13. dxc6 Qc7 14. Qd5 a5 15. a3 bxa3 16. Rxa3 a4 17. b4 Be7 18. b5 0-0 19. Be3 Qa5 20. Bd2 Qb6 21. Rfa1 Bh4 22. Be3 Qa5 23. b6 Qb4 24. c3 Qb2 25. c7 Na6 26. Qxa8 1-0

[Event "Platja d'Aro op 8th"]
[Site "Platja d'Aro"]
[Date "2021.06.28"]
[Round "5"]
[White "Prats Rodriguez, Juan Bosco"]
[Black "Alvarez Albiol, Victor"]
[Result "0-1"]
[WhiteElo "2023"]
[BlackElo "2222"]
[PlyCount "62"]
[EventDate "2021.06.25"]
[EventType "swiss"]
[EventRounds "9"]
[EventCountry "ESP"]
[SourceTitle "CBM 203 Extra"]
[Source "ChessBase"]
[SourceDate "2021.09.30"]
[SourceVersion "1"]
[SourceVersionDate "2021.09.30"]
[SourceQuality "1"]

1. e4 c5 2. Nf3 e6 3. d4 cxd4 4. Nxd4 Nc6 5. Nc3 Qc7 6. g3 a6 7. Bg2 Nf6 8. 0-0 Nxd4 9. Qxd4 Bc5 10. Bf4 d6 11. Qd2 h6 12. Na4 e5 13. Nxc5 dxc5 14. Be3 Ng4 15. h3 Nxe3 16. Qxe3 0-0 17. Rfd1 Be6 18. Rd2 Rfd8 19. Rad1 b6 20. Qa3 a5 21. Bf1 Rd4 22. c3 Rxd2 23. Rxd2 Rd8 24. Rxd8+ Qxd8 25. Qa4 Qd2 26. Qb5 Qe1 27. g4 Qxe4 28. Bd3 Qe1+ 29. Kg2 Bd5+ 30. f3 Qd2+ 31. Kf1 Qd1+ 0-1